Zhodnotenie noriem potreby vody v živočíšnej výrobe

Bibliographic Details
Main Authors: Čermák, Oskár, 1939- (Author), Kriš, Jozef, 1945- (Author)
Format: Article
Language:Slovak
PhysicalDescription:Tb. 13.
Subjects:

MARC

LEADER 00000nab a2200000 a 4500
001 vtls000321341
003 SK-MaSNL
005 20260303043047.0
008 111202c1986 xo 0 slo
015 |a SNBRA19rr/mm-uuuuu 
035 |a CL0321463 
040 |a SNKBUCL  |b slo  |c SNKBUCL  |e AACR2 
041 0 |a slo 
044 |a xo  |c SK 
080 |a 628.171:636  |2 1981 
080 |a 636  |2 1981 
080 |a 628.171  |2 1981 
100 1 |a Čermák, Oskár,  |d 1939-  |4 aut  |9 201725 
245 1 0 |a Zhodnotenie noriem potreby vody v živočíšnej výrobe  |c Oskár Čermák, Jozef Kriš 
300 |b Tb. 13. 
650 0 7 |a živočíšna výroba  |2 snkbucl  |9 2836 
650 0 7 |a voda pitná  |2 snkbucl  |9 876771 
650 0 7 |a úžitková voda  |2 snkbucl  |9 98177 
655 7 |a články zo zborníkov  |2 snkbucl  |9 166140 
700 1 |a Kriš, Jozef,  |d 1945-  |4 aut  |9 206538 
773 0 |t Ochrana akosti vôd v poľnohospodárskej výrobe  |d Žilina : Dom techniky ČSVTS, 1986  |g S. 120-135 
850 |a Slovenská národná knižnica v Martine  |a MTA001 
852 |a SNK  |b KIS3GCP 
958 |a RK 
992 |a RZB 
999 |c 1695231  |d 1697161